Piin likiarvo - Statistics

Yleistilastot
  • Tätä visaa on pelattu 4 078 kertaa
  • Keskiarvotulos 7 / 50
Vastaustilastot
# Numero % Oikein
1 3.
100%
2 1
97%
3 4
93%
4 1
78%
5 5
67%
6 9
52%
7 2
41%
8 6
30%
9 5
23%
10 3
18%
11 5
16%
12 8
12%
13 9
11%
14 7
10%
15 9
9%
16 3
8%
17 2
7%
18 3
7%
20 4
5%
19 8
5%
22 2
4%
21 6
4%
25 3
3%
26 3
3%
24 4
3%
23 6
3%
29 2
2%
28 3
2%
32 5
2%
30 7
2%
27 8
2%
31 9
2%
33 0
1%
38 1
1%
41 1
1%
34 2
1%
37 4
1%
42 6
1%
40 7
1%
35 8
1%
36 8
1%
39 9
1%
50 1
0%
44 3
0%
47 3
0%
49 5
0%
48 7
0%
43 9
0%
45 9
0%
46 9
0%
Ehtoja vastaavia visoja ei löytynyt
Tulosjakauma
Jokaisen tuloksen saaneiden osuus
Persentiili vastausten määrän mukaan
Tuloshistoriasi
Et ole pelannut tätä visaa